000 00601nam a22001937a 4500
003 koha_MIRAKIL
005 20250109132624.0
008 250109b tur||||| |||| 00| 0 tur d
020 _a9786052984369
040 _aTR-IsEVY
_btur
_cTR-IsEVY
082 _aFIC BAH/A
100 _aBahar, Burcu
245 0 _aAnneannem bebek oldu! /
_cBurcu Bahar ; resimleyen Oğuz Demir.
260 _aİstanbul :
_bKırmızı Kedi Yayınevi,
_c2019.
300 _a69 s. :
_brenkli resimli ;
_c19 cm.
650 _aÇocuk edebiyatı.
_vÇocuk Hikayeleri.
700 1 _aDemir, Oğuz.
_cresimleyen.
942 _2ddc
_cBK
999 _c21362
_d21362